[Event "37. Open Barberá del Vallés 2014"]
[Site "Barberá del Vallés ESP"]
[Date "2014.07.12"]
[Round "9.18"]
[White "Diaz Camallonga, Carles"]
[Black "Bas Mas, Jose Joaquin"]
[Result "0-1"]
[WhiteElo "2235"]
[BlackElo "2278"]
[PlyCount "108"]
[EventDate "2014.07.04"]
[EventType "swiss"]
[EventRounds "9"]
[EventCountry "ESP"]
[Source "lmi"]
[SourceDate "2014.07.04"]

1. e4 e6 2. d4 d5 3. Nc3 Nf6 4. Bg5 Be7 5. e5 Nfd7 6. Bxe7 Qxe7 7. f4 O-O 8.
Qd2 c5 9. Nf3 Nc6 10. dxc5 Qxc5 11. Bd3 f6 12. exf6 Nxf6 13. O-O-O Bd7 14. Kb1
a6 15. Qe2 b5 16. Ne5 Be8 17. Nxc6 Qxc6 18. Rde1 b4 19. Nd1 Bf7 20. h4 a5 21.
h5 Qc7 22. Qf3 Rfc8 23. g4 b3 24. Re2 bxa2+ 25. Ka1 Rab8 26. g5 Ne4 27. Rxe4
dxe4 28. Qxe4 Kf8 29. g6 Rb4 30. Qe3 hxg6 31. hxg6 Bg8 32. Rf1 Qb6 33. Qxb6
Rxb6 34. Ne3 a4 35. Nc4 Rb4 36. Ne5 Rc7 37. Rf2 Ke7 38. c3 Rb6 39. Kxa2 a3 40.
Nc4 e5 41. b3 Bxc4 42. Bxc4 exf4 43. Rxf4 Rxg6 44. Kxa3 Rg3 45. Kb4 g5 46. Rf7+
Kd6 47. Rf5 Rg7 48. Rd5+ Ke7 49. Bb5 g4 50. c4 Rg1 51. c5 g3 52. Rd2 Rg4+ 53.
Bc4 g2 54. c6 Rxc4+ 0-1

[Event "37. Open Barberá del Vallés 2014"]
[Site "Barberá del Vallés ESP"]
[Date "2014.07.12"]
[Round "9.19"]
[White "Bergez, Luc"]
[Black "Raghunandan, Kaumandur Srihari"]
[Result "1-0"]
[WhiteElo "2368"]
[BlackElo "2148"]
[PlyCount "113"]
[EventDate "2014.07.04"]
[EventType "swiss"]
[EventRounds "9"]
[EventCountry "ESP"]
[Source "lmi"]
[SourceDate "2014.07.04"]

1. Nf3 d5 2. g3 Bg4 3. Bg2 Nd7 4. c4 e6 5. b3 Ngf6 6. Bb2 c6 7. O-O Be7 8. d3
O-O 9. Nbd2 a5 10. a3 Qb8 11. Qc2 Rc8 12. e4 b5 13. Rac1 bxc4 14. bxc4 dxe4 15.
dxe4 e5 16. Rb1 Qc7 17. h3 Bh5 18. g4 Bg6 19. Nh4 Nc5 20. Nf5 Bf8 21. Bf3 Nfd7
22. g5 Ne6 23. h4 Nf4 24. Ng3 h6 25. Bg4 hxg5 26. hxg5 Re8 27. Nf3 Nc5 28. Bc1
Rab8 29. Be3 Rxb1 30. Rxb1 Rb8 31. Rd1 Nce6 32. c5 Rb5 33. a4 Rb4 34. Nf5 Bxf5
35. Bxf5 Nd4 36. Bxd4 exd4 37. Rxd4 Rxd4 38. Nxd4 Qe5 39. Nxc6 Qa1+ 40. Kh2 Qf1
41. Kg3 Ne2+ 42. Kf3 Ng1+ 43. Ke3 Qe1+ 44. Kf4 Ne2+ 45. Kf3 Ng1+ 46. Kg2 Ne2
47. Bg4 Nc3 48. Bf3 Bxc5 49. Nxa5 Nxa4 50. Nb7 Qb4 51. Nd8 Qb6 52. Nxf7 Kxf7
53. Qxa4 Kg6 54. Qd7 Kh7 55. e5 Qg6 56. Qh3+ Kg8 57. Bd5+ 1-0

[Event "37. Open Barberá del Vallés 2014"]
[Site "Barberá del Vallés ESP"]
[Date "2014.07.12"]
[Round "9.20"]
[White "Martinez Alcantara, Jose Eduar"]
[Black "Jordan Arenas, Manuel"]
[Result "1-0"]
[WhiteElo "2295"]
[BlackElo "2175"]
[PlyCount "107"]
[EventDate "2014.07.04"]
[EventType "swiss"]
[EventRounds "9"]
[EventCountry "ESP"]
[Source "lmi"]
[SourceDate "2014.07.04"]

1. c4 e5 2. g3 Nc6 3. Nc3 Nf6 4. Bg2 Bb4 5. Nd5 O-O 6. a3 Bc5 7. e3 d6 8. Ne2
Re8 9. O-O Nxd5 10. cxd5 Ne7 11. d4 Bb6 12. dxe5 dxe5 13. Nc3 c6 14. dxc6 Nxc6
15. Qa4 Re6 16. b4 Rd6 17. Bb2 Be6 18. Rad1 Rxd1 19. Rxd1 Qc7 20. Nd5 Bxd5 21.
Rxd5 Rd8 22. Rxd8+ Qxd8 23. Bxc6 bxc6 24. Bxe5 Qd5 25. Bc3 h6 26. Qc2 Kh8 27.
a4 Kg8 28. a5 Bc7 29. Bd4 Bb8 30. Bc5 Kh8 31. e4 Qd7 32. Kg2 Kg8 33. Qc4 Kh7
34. h3 Be5 35. Be3 Bb8 36. a6 Kg8 37. Qc5 Qe8 38. Qf5 Kh8 39. Bd4 Qd8 40. Bc5
Kg8 41. h4 Qc7 42. h5 Qd8 43. Be3 Qe8 44. Bd4 Qd8 45. Bc3 Bd6 46. b5 cxb5 47.
Qxb5 Qc7 48. Bd4 Qe7 49. Qb7 Qg5 50. Bxa7 Qxh5 51. Be3 Bxg3 52. fxg3 Qe2+ 53.
Bf2 f5 54. Qc8+ 1-0

[Event "37. Open Barberá del Vallés 2014"]
[Site "Barberá del Vallés ESP"]
[Date "2014.07.12"]
[Round "9.21"]
[White "Pozanco Romasanta, Marc"]
[Black "Dalo, Hermes"]
[Result "0-1"]
[WhiteElo "2088"]
[BlackElo "2226"]
[PlyCount "68"]
[EventDate "2014.07.04"]
[EventType "swiss"]
[EventRounds "9"]
[EventCountry "ESP"]
[Source "lmi"]
[SourceDate "2014.07.04"]

1. d4 Nf6 2. c4 g6 3. Nc3 Bg7 4. e4 d6 5. Nge2 a6 6. Ng3 c6 7. Be2 b5 8. cxb5
cxb5 9. Be3 Bb7 10. b4 h5 11. h4 Nbd7 12. a4 a5 13. Bxb5 axb4 14. Na2 Nxe4 15.
Nxe4 Bxe4 16. f3 Bb7 17. Nxb4 O-O 18. O-O Nf6 19. Qb3 e6 20. Nc6 Bxc6 21. Bxc6
Ra5 22. Bd2 Nd5 23. Qd3 Qxh4 24. f4 Ra7 25. Bxd5 exd5 26. a5 Qf6 27. Ra4 Rc8
28. Qb5 Qf5 29. a6 Kh7 30. Qb6 Rca8 31. Bb4 Qd3 32. Bxd6 Rxa6 33. Rxa6 Rxa6 34.
Qc7 Rxd6 0-1

[Event "37. Open Barberá del Vallés 2014"]
[Site "Barberá del Vallés ESP"]
[Date "2014.07.12"]
[Round "9.22"]
[White "Ventura Bolet, Alexandre"]
[Black "Capellades Subirana, Marc"]
[Result "1-0"]
[WhiteElo "1949"]
[BlackElo "2211"]
[PlyCount "95"]
[EventDate "2014.07.04"]
[EventType "swiss"]
[EventRounds "9"]
[EventCountry "ESP"]
[Source "lmi"]
[SourceDate "2014.07.04"]

1. d4 Nf6 2. Nf3 e6 3. g3 Bb4+ 4. c3 Be7 5. Bg2 O-O 6. O-O d6 7. Re1 Nbd7 8. e4
e5 9. Nbd2 c6 10. a4 Qc7 11. Nc4 b5 12. axb5 cxb5 13. Ne3 g6 14. Nd5 Nxd5 15.
exd5 Bf6 16. Bg5 Bg7 17. dxe5 Nxe5 18. Nxe5 Bxe5 19. Rxe5 f6 20. Bxf6 Rxf6 21.
Re8+ Kg7 22. Qd4 Bb7 23. Rxa8 Bxa8 24. Rxa7 Bb7 25. g4 h6 26. h4 g5 27. hxg5
hxg5 28. f4 Qe7 29. Rxb7 Qxb7 30. fxg5 b4 31. Qxf6+ Kg8 32. g6 Qa7+ 33. Kh2
bxc3 34. Qf7+ Qxf7 35. gxf7+ Kxf7 36. bxc3 Kf6 37. Kg3 Ke5 38. g5 Kf5 39. Kh4
Ke5 40. Kh5 Kf4 41. g6 Kg3 42. g7 Kf4 43. g8=Q Ke3 44. Qg3+ Ke2 45. Be4 Kd2 46.
Qd3+ Ke1 47. Qc2 Kf1 48. Qd2 1-0

[Event "37. Open Barberá del Vallés 2014"]
[Site "Barberá del Vallés ESP"]
[Date "2014.07.12"]
[Round "9.23"]
[White "Sos Andreu, Eric"]
[Black "Garcia Marin, Guillem"]
[Result "1-0"]
[WhiteElo "2345"]
[BlackElo "2099"]
[PlyCount "57"]
[EventDate "2014.07.04"]
[EventType "swiss"]
[EventRounds "9"]
[EventCountry "ESP"]
[Source "lmi"]
[SourceDate "2014.07.04"]

1. d4 Nf6 2. c4 g6 3. Nc3 d5 4. Bg5 Ne4 5. Bh4 Bg7 6. cxd5 Nxc3 7. bxc3 Qxd5 8.
Nf3 c5 9. e3 Nc6 10. Be2 O-O 11. O-O Re8 12. Bg3 b6 13. Qa4 Bb7 14. Rab1 cxd4
15. cxd4 Na5 16. Rfe1 Rec8 17. Bf1 Qc6 18. Qa3 Bf8 19. Rbc1 Qd7 20. Ne5 Qd5 21.
Qa4 Rxc1 22. Rxc1 Rc8 23. Rxc8 Bxc8 24. Qe8 Be6 25. Bf4 Kg7 26. Bh6+ Kxh6 27.
Qxf8+ Kg5 28. h4+ Kf6 29. Qh8+ 1-0

[Event "37. Open Barberá del Vallés 2014"]
[Site "Barberá del Vallés ESP"]
[Date "2014.07.12"]
[Round "9.25"]
[White "Larsen, Karsten"]
[Black "Messina, Roberta"]
[Result "1-0"]
[WhiteElo "2265"]
[BlackElo "2057"]
[PlyCount "111"]
[EventDate "2014.07.04"]
[EventType "swiss"]
[EventRounds "9"]
[EventCountry "ESP"]
[Source "lmi"]
[SourceDate "2014.07.04"]

1. e4 c5 2. Nf3 d6 3. Bb5+ Bd7 4. a4 a6 5. Bxd7+ Qxd7 6. O-O Nf6 7. Re1 Nc6 8.
d3 g6 9. Bg5 Bg7 10. Nc3 e6 11. Qc1 O-O 12. e5 dxe5 13. Nxe5 Nxe5 14. Rxe5 Nd5
15. Nxd5 exd5 16. Re7 Qf5 17. Qf4 Qxf4 18. Bxf4 b5 19. Be5 Rfe8 20. Rxe8+ Rxe8
21. Bxg7 Kxg7 22. axb5 axb5 23. Kf1 b4 24. Ra5 Rc8 25. Ke2 Rc6 26. Kd2 Kf6 27.
d4 cxd4 28. Rxd5 b3 29. cxb3 Rb6 30. Rxd4 Rxb3 31. Kc2 Rb7 32. b4 Ke5 33. Kc3
Rc7+ 34. Rc4 Rb7 35. Rc5+ Kd6 36. Kb3 Re7 37. Rc2 Re1 38. b5 Ra1 39. Kb4 Rb1+
40. Ka5 Ra1+ 41. Kb6 f5 42. Rd2+ Ke5 43. Kb7 f4 44. f3 g5 45. b6 h5 46. h3 Kf5
47. Rc2 Re1 48. Kc8 g4 49. hxg4+ hxg4 50. b7 gxf3 51. gxf3 Kg5 52. b8=Q Re8+
53. Kc7 Rxb8 54. Kxb8 Kh4 55. Rg2 Kh3 56. Rg4 1-0

[Event "37. Open Barberá del Vallés 2014"]
[Site "Barberá del Vallés ESP"]
[Date "2014.07.12"]
[Round "9.26"]
[White "Hagesather, Ellen"]
[Black "Orteu Capdevila, Max"]
[Result "1-0"]
[WhiteElo "2182"]
[BlackElo "1808"]
[PlyCount "56"]
[EventDate "2014.07.04"]
[EventType "swiss"]
[EventRounds "9"]
[EventCountry "ESP"]
[Source "lmi"]
[SourceDate "2014.07.04"]

1. c4 e5 2. g3 f5 3. Bg2 Nc6 4. Nc3 Nf6 5. a3 a5 6. e3 Be7 7. d4 d6 8. d5 Nb8
9. Nge2 O-O 10. f4 e4 11. Nd4 Qe8 12. Rb1 c5 13. Ndb5 Na6 14. Na4 Qd8 15. Qb3
Bd7 16. Bd2 Nc7 17. Nbc3 b5 18. cxb5 Qb8 19. Bf1 Qb7 20. Nxc5 dxc5 21. d6+ Be6
22. Bc4 Ncd5 23. dxe7 Rfe8 24. Na4 Qxe7 25. Rc1 Rec8 26. Nb6 Nxb6 27. Bxe6+ Kh8
28. Bxc8 c4 1-0

[Event "37. Open Barberá del Vallés 2014"]
[Site "Barberá del Vallés ESP"]
[Date "2014.07.12"]
[Round "9.27"]
[White "Jareno Badenas, Aleix"]
[Black "Del Amo Carbo, Jordi"]
[Result "1/2-1/2"]
[WhiteElo "2064"]
[BlackElo "2112"]
[PlyCount "58"]
[EventDate "2014.07.04"]
[EventType "swiss"]
[EventRounds "9"]
[EventCountry "ESP"]
[Source "lmi"]
[SourceDate "2014.07.04"]

1. e4 e5 2. Nf3 Nc6 3. d4 exd4 4. Nxd4 Bc5 5. Be3 Qf6 6. c3 Nge7 7. Bc4 d6 8.
O-O O-O 9. Nxc6 Nxc6 10. Bxc5 dxc5 11. Qc2 Ne5 12. Be2 Ng6 13. Nd2 Nf4 14. Nc4
Qg5 15. Bf3 b5 16. Ne3 Bb7 17. c4 bxc4 18. Rfd1 Ne6 19. Qc3 Nd4 20. Nf5 Nxf3+
21. Qxf3 Rfe8 22. Ng3 Bc6 23. Rac1 Rab8 24. Rxc4 Rxb2 25. Qc3 Qe5 26. Rxc5 Qxc3
27. Rxc3 Ba4 28. Rdc1 Rxa2 29. Rxc7 a6 1/2-1/2

[Event "37. Open Barberá del Vallés 2014"]
[Site "Barberá del Vallés ESP"]
[Date "2014.07.12"]
[Round "9.28"]
[White "Castillo Escario, Yolanda"]
[Black "Bernat, Ernest"]
[Result "1/2-1/2"]
[WhiteElo "2029"]
[BlackElo "2101"]
[PlyCount "60"]
[EventDate "2014.07.04"]
[EventType "swiss"]
[EventRounds "9"]
[EventCountry "ESP"]
[Source "lmi"]
[SourceDate "2014.07.04"]

1. e4 c5 2. Nf3 e6 3. d4 cxd4 4. Nxd4 a6 5. Nc3 d6 6. Bd3 Nf6 7. O-O Be7 8. Be3
O-O 9. f4 Qc7 10. Qf3 Nbd7 11. g4 Nc5 12. g5 Nfd7 13. Rf2 Nxd3 14. cxd3 b5 15.
Rc2 Qb7 16. b4 Re8 17. a3 Bd8 18. Rac1 Nf8 19. h4 Bd7 20. h5 e5 21. Nde2 exf4
22. Qxf4 Ne6 23. Qg3 Bb6 24. Nd5 Bxe3+ 25. Qxe3 Rac8 26. Rxc8 Bxc8 27. Nec3 Nf8
28. Qf2 Ne6 29. Qe3 Nf8 30. Qf2 Ne6 1/2-1/2

[Event "37. Open Barberá del Vallés 2014"]
[Site "Barberá del Vallés ESP"]
[Date "2014.07.12"]
[Round "9.29"]
[White "Garcia Acosta, Roger"]
[Black "Leroy, Didier"]
[Result "1/2-1/2"]
[WhiteElo "2054"]
[BlackElo "2319"]
[PlyCount "60"]
[EventDate "2014.07.04"]
[EventType "swiss"]
[EventRounds "9"]
[EventCountry "ESP"]
[Source "lmi"]
[SourceDate "2014.07.04"]

1. e4 g6 2. d4 Bg7 3. Nc3 c6 4. Nf3 d6 5. Be3 Nf6 6. Qd2 Ng4 7. Bf4 e5 8. dxe5
dxe5 9. Qxd8+ Kxd8 10. Bg3 f6 11. O-O-O+ Ke7 12. h3 Nh6 13. a4 Nf7 14. Nd2 Bh6
15. f3 Rd8 16. Bf2 Be6 17. Bd3 Nd6 18. Kb1 Nd7 19. h4 Kf7 20. g4 Bf8 21. Be3 a6
22. a5 Nb5 23. Na4 c5 24. c3 Rac8 25. Nc4 Rc6 26. Nab6 Nxb6 27. Nxb6 Rcd6 28.
Bc2 Rxd1+ 29. Rxd1 Rxd1+ 30. Bxd1 f5 1/2-1/2

[Event "37. Open Barberá del Vallés 2014"]
[Site "Barberá del Vallés ESP"]
[Date "2014.07.12"]
[Round "9.30"]
[White "Chalmeta Ugas, Jordi"]
[Black "Fernandez Aguilar, Francisco"]
[Result "1/2-1/2"]
[WhiteElo "2187"]
[BlackElo "2049"]
[PlyCount "90"]
[EventDate "2014.07.04"]
[EventType "swiss"]
[EventRounds "9"]
[EventCountry "ESP"]
[Source "lmi"]
[SourceDate "2014.07.04"]

1. d4 d5 2. c4 c6 3. Nf3 Nf6 4. Nc3 e6 5. Bg5 dxc4 6. e4 b5 7. e5 h6 8. Bh4 g5
9. Nxg5 hxg5 10. Bxg5 Nbd7 11. exf6 Bb7 12. g3 c5 13. d5 Bh6 14. Bxh6 Rxh6 15.
Qd2 Qxf6 16. Bg2 Kf8 17. O-O Ne5 18. Ne4 Qh8 19. dxe6 Nd3 20. h4 Rxe6 21. Ng5
Re7 22. Bxb7 Rxb7 23. Rab1 Qd4 24. Nf3 Qf6 25. Nh2 Rd8 26. Ng4 Ne5 27. Qe2 Nxg4
28. Qxg4 Rbd7 29. a4 Rd4 30. Qe2 b4 31. Rbc1 Re8 32. Qc2 Re6 33. Rfe1 Red6 34.
Re2 Qf3 35. Rce1 Qd3 36. Qc1 Qxe2 37. Rxe2 Rd1+ 38. Re1 Rxc1 39. Rxc1 c3 40.
bxc3 b3 41. c4 Rd4 42. Rc3 Rxc4 43. Rxb3 Rxa4 44. Rb5 c4 45. h5 Kg7 1/2-1/2

[Event "37. Open Barberá del Vallés 2014"]
[Site "Barberá del Vallés ESP"]
[Date "2014.07.12"]
[Round "9.31"]
[White "Anguera Maestro, Jaime"]
[Black "Basas Gamazo, Josep"]
[Result "1-0"]
[WhiteElo "2179"]
[BlackElo "2001"]
[PlyCount "42"]
[EventDate "2014.07.04"]
[EventType "swiss"]
[EventRounds "9"]
[EventCountry "ESP"]
[Source "lmi"]
[SourceDate "2014.07.04"]

1. d4 Nf6 2. c4 g6 3. Nc3 Bg7 4. e4 d6 5. Bg5 h6 6. Be3 O-O 7. f3 e5 8. d5 Nh5
9. Qd2 Kh7 10. Bd3 f5 11. Nge2 f4 12. Bf2 g5 13. h3 Nd7 14. h4 gxh4 15. Bxh4
Bf6 16. Bxf6 Nhxf6 17. Nxf4 exf4 18. Qxf4 Ng8 19. e5+ Kg7 20. Qe4 Rf7 21. e6
Re7 1-0

[Event "37. Open Barberá del Vallés 2014"]
[Site "Barberá del Vallés ESP"]
[Date "2014.07.12"]
[Round "9.32"]
[White "Nadal Fajardo, Ricard"]
[Black "Menac Comas, Joan Ramon"]
[Result "1/2-1/2"]
[WhiteElo "1999"]
[BlackElo "2147"]
[PlyCount "90"]
[EventDate "2014.07.04"]
[EventType "swiss"]
[EventRounds "9"]
[EventCountry "ESP"]
[Source "lmi"]
[SourceDate "2014.07.04"]

1. e4 c5 2. Nf3 Nc6 3. Bb5 e5 4. d3 Bd6 5. Nbd2 Nge7 6. c3 O-O 7. O-O Bc7 8.
Re1 a6 9. Ba4 d5 10. Qe2 b6 11. Bc2 Ng6 12. exd5 Qxd5 13. Nf1 Bb7 14. Qe4 Qd7
15. Qe2 Rad8 16. Bd2 Nce7 17. Rad1 Nd5 18. d4 exd4 19. Bxg6 hxg6 20. cxd4 Rfe8
21. Qd3 Rxe1 22. Rxe1 Nf4 23. Bxf4 Bxf4 24. Rd1 Qc6 25. Qc2 Qd5 26. b3 Qd6 27.
N1d2 cxd4 28. Nc4 Qc6 29. Qb2 b5 30. Na5 Qc7 31. Nxb7 Qxb7 32. Rxd4 Qe7 33. g3
Rxd4 34. Qxd4 Bd6 35. Kg2 Bc5 36. Qe5 Qxe5 37. Nxe5 Bd6 38. Nd3 f6 39. Kf3 Kf7
40. Ke4 Ke6 41. b4 Be5 42. Nc5+ Kd6 43. Nxa6 Bc3 44. Kd3 Be1 45. Ke2 Bc3
1/2-1/2

[Event "37. Open Barberá del Vallés 2014"]
[Site "Barberá del Vallés ESP"]
[Date "2014.07.12"]
[Round "9.33"]
[White "Saez Coma, Alejandro"]
[Black "Colom Andres, Xavier"]
[Result "1-0"]
[WhiteElo "2097"]
[BlackElo "1905"]
[PlyCount "55"]
[EventDate "2014.07.04"]
[EventType "swiss"]
[EventRounds "9"]
[EventCountry "ESP"]
[Source "lmi"]
[SourceDate "2014.07.04"]

1. d4 d5 2. c4 c6 3. Nf3 Nf6 4. e3 Bf5 5. Nh4 Bg6 6. Qb3 Qc7 7. Nc3 e6 8. Bd2
Nbd7 9. Rc1 Rc8 10. cxd5 exd5 11. Nb5 Qb8 12. Nc3 Be7 13. g3 Bh5 14. Nf5 Bf8
15. e4 Bf3 16. Bf4 Qa8 17. Rg1 Bxe4 18. Nxe4 Nxe4 19. f3 g5 20. fxe4 gxf4 21.
e5 Rg8 22. Kf2 fxg3+ 23. Rxg3 Rxg3 24. Kxg3 c5 25. Nd6+ Bxd6 26. exd6 Nf8 27.
Bb5+ Rc6 28. Re1+ 1-0

[Event "37. Open Barberá del Vallés 2014"]
[Site "Barberá del Vallés ESP"]
[Date "2014.07.12"]
[Round "9.34"]
[White "Tadevosyan, Galust"]
[Black "Balague Camps, Marc"]
[Result "1-0"]
[WhiteElo "1843"]
[BlackElo "2082"]
[PlyCount "135"]
[EventDate "2014.07.04"]
[EventType "swiss"]
[EventRounds "9"]
[EventCountry "ESP"]
[Source "lmi"]
[SourceDate "2014.07.04"]

1. e4 c5 2. Nf3 Nc6 3. Nc3 e6 4. d4 cxd4 5. Nxd4 Qc7 6. Nxc6 bxc6 7. Qf3 Nf6 8.
Qg3 e5 9. Bc4 d6 10. O-O Qd7 11. b3 h5 12. Qd3 Be7 13. Nd5 Nxd5 14. exd5 Bb7
15. Rd1 cxd5 16. Bxd5 Bxd5 17. Qxd5 O-O 18. c4 Qg4 19. Ba3 Rad8 20. h3 Qf5 21.
Rd3 Bh4 22. Qf3 Qg6 23. Rd5 f5 24. Rad1 Be7 25. Ra5 f4 26. Qd5+ Kh7 27. f3 Qg3
28. Rxa7 Bh4 29. Qe4+ Kh8 30. Qe2 e4 31. Bb2 Rg8 32. fxe4 Qe3+ 33. Qxe3 fxe3
34. Rd5 Bf2+ 35. Kf1 Kh7 36. Rxh5+ Kg6 37. g4 Rde8 38. h4 Rxe4 39. Rg5+ Kh6 40.
Rh5+ Kg6 41. Ke2 Rxg4 42. Rg5+ Rxg5 43. hxg5 Bh4 44. Kxe3 Bxg5+ 45. Ke4 Re8+
46. Kd5 Be7 47. b4 Kf7 48. b5 Rb8 49. Bxg7 Rg8 50. Bd4 Rg5+ 51. Kc6 Rg4 52. Kd5
Rg5+ 53. Ke4 Rg4+ 54. Kd3 Ke6 55. b6 Bd8 56. Ra8 Rg3+ 57. Kc2 Rg2+ 58. Kb3 Rg3+
59. Kb4 Kd7 60. b7 Bc7 61. b8=Q Bxb8 62. Rxb8 Rg4 63. Bb6 d5 64. Kb5 dxc4 65.
Rd8+ Ke7 66. Rd4 Rxd4 67. Bxd4 Kd6 68. Kb6 1-0

[Event "37. Open Barberá del Vallés 2014"]
[Site "Barberá del Vallés ESP"]
[Date "2014.07.12"]
[Round "9.35"]
[White "Simon Del Sol, Jaume"]
[Black "Masferrer Niubo, Enric"]
[Result "1/2-1/2"]
[WhiteElo "1986"]
[BlackElo "1996"]
[PlyCount "67"]
[EventDate "2014.07.04"]
[EventType "swiss"]
[EventRounds "9"]
[EventCountry "ESP"]
[Source "lmi"]
[SourceDate "2014.07.04"]

1. d4 Nf6 2. Nf3 g6 3. c4 Bg7 4. Nc3 O-O 5. e4 d6 6. h3 e5 7. d5 Na6 8. Bd3 Nc5
9. Bc2 a5 10. g4 Bd7 11. Be3 b6 12. Qd2 a4 13. Bg5 Qb8 14. Qe2 Ra5 15. Bd2 Ra8
16. Bg5 Qb7 17. Rb1 Rfb8 18. Nd2 Qa6 19. Be3 Qa5 20. O-O Qa6 21. f3 Qc8 22. Rf2
h5 23. Rg2 Qe8 24. Bd3 Nxd3 25. Qxd3 b5 26. cxb5 Bxb5 27. Nxb5 Qxb5 28. Qxb5
Rxb5 29. Nc4 hxg4 30. hxg4 Nd7 31. Rc2 Nc5 32. Na3 Rba5 33. Nc4 Rb5 34. Na3
1/2-1/2

[Event "37. Open Barberá del Vallés 2014"]
[Site "Barberá del Vallés ESP"]
[Date "2014.07.12"]
[Round "9.36"]
[White "Bekker, Gary"]
[Black "Estepa-Fonseca, Omar Maria"]
[Result "1-0"]
[WhiteElo "1820"]
[BlackElo "1978"]
[PlyCount "57"]
[EventDate "2014.07.04"]
[EventType "swiss"]
[EventRounds "9"]
[EventCountry "ESP"]
[Source "lmi"]
[SourceDate "2014.07.04"]

1. d4 Nf6 2. c4 g6 3. Nc3 Bg7 4. e4 d6 5. Nf3 O-O 6. Be2 Na6 7. O-O e5 8. Re1
Bg4 9. h3 Bxf3 10. Bxf3 exd4 11. Qxd4 Nb4 12. Qd1 Nc6 13. Be3 Nd7 14. Qd2 Nc5
15. Rad1 Ne6 16. Nd5 Ncd4 17. Bg4 f5 18. exf5 gxf5 19. Be2 Qh4 20. Bf1 f4 21.
Bxd4 Nxd4 22. Nxc7 Be5 23. Nxa8 Rf7 24. Qd3 Rg7 25. Re4 Ne6 26. Qd5 Qf6 27. c5
Kh8 28. cxd6 Ng5 29. Rxe5 1-0

[Event "37. Open Barberá del Vallés 2014"]
[Site "Barberá del Vallés ESP"]
[Date "2014.07.12"]
[Round "9.37"]
[White "Castells Briones, Miquel"]
[Black "Jimenez Ruano, Adrian"]
[Result "1-0"]
[WhiteElo "1979"]
[BlackElo "1851"]
[PlyCount "143"]
[EventDate "2014.07.04"]
[EventType "swiss"]
[EventRounds "9"]
[EventCountry "ESP"]
[Source "lmi"]
[SourceDate "2014.07.04"]

1. d4 d5 2. c4 c6 3. Nf3 Nf6 4. e3 e6 5. Nbd2 Nbd7 6. Bd3 Bd6 7. O-O O-O 8. e4
dxe4 9. Nxe4 Nxe4 10. Bxe4 f5 11. Bb1 b6 12. Qe2 Re8 13. Bg5 Nf6 14. Ne5 Bb7
15. c5 bxc5 16. dxc5 Ba6 17. Bd3 Bxe5 18. Bxa6 Qc7 19. g3 Ne4 20. Be3 Rab8 21.
Rab1 Qa5 22. Bc4 Kh8 23. a3 Qa4 24. f3 Nf6 25. Bf2 Bxb2 26. Bxe6 Qxa3 27. Rfd1
Nd5 28. Rd3 Qa6 29. Rd2 Qxe2 30. Rxe2 Nc3 31. Rbxb2 Nxe2+ 32. Rxe2 a5 33. g4
fxg4 34. f4 Red8 35. Bxg4 Rb4 36. Bf3 Rxf4 37. Bxc6 g5 38. Bb7 Rc4 39. c6 a4
40. Re5 Rf8 41. Rc5 Rb4 42. Rxg5 Rc4 43. c7 Rc1+ 44. Kg2 Rxf2+ 45. Kxf2 Rxc7
46. Bd5 Rc8 47. Kg3 a3 48. Kh4 h6 49. Rg6 Kh7 50. Ra6 Rc3 51. h3 Kg7 52. Kg4
Rd3 53. Ra5 Kf6 54. Bf3 Ke6 55. h4 Re3 56. Ra6+ Ke5 57. Rxh6 Kd4 58. Ra6 Kc4
59. h5 Kb3 60. Ra8 Kb2 61. Bd5 Re5 62. Bg8 Re4+ 63. Kg5 Re5+ 64. Kg6 Re1 65. h6
Rg1+ 66. Kf6 Rf1+ 67. Ke7 Re1+ 68. Kf8 Rh1 69. Ra6 Rh2 70. Kg7 Rh3 71. h7 Rxh7+
72. Kxh7 1-0

[Event "37. Open Barberá del Vallés 2014"]
[Site "Barberá del Vallés ESP"]
[Date "2014.07.12"]
[Round "9.38"]
[White "Clanchet Olle, Josep"]
[Black "Martinez Pla, Xavier"]
[Result "1-0"]
[WhiteElo "1736"]
[BlackElo "1881"]
[PlyCount "53"]
[EventDate "2014.07.04"]
[EventType "swiss"]
[EventRounds "9"]
[EventCountry "ESP"]
[Source "lmi"]
[SourceDate "2014.07.04"]

1. e4 c5 2. Nf3 Nc6 3. d4 cxd4 4. Nxd4 e6 5. Be2 Qc7 6. O-O Nf6 7. Nc3 a6 8.
Nxc6 bxc6 9. f4 d5 10. e5 Nd7 11. Be3 c5 12. Bf2 Bb7 13. Bf3 Bc6 14. Re1 Qb7
15. f5 Qxb2 16. fxe6 fxe6 17. Qd3 c4 18. Bh5+ g6 19. Bxg6+ hxg6 20. Qxg6+ Kd8
21. Qxe6 Rh6 22. Qf7 Qxc3 23. Bb6+ Kc8 24. e6 Qf6 25. exd7+ Bxd7 26. Re8+ Bxe8
27. Qc7# 1-0